<?xml version="1.0" encoding="UTF-8"?>
<record
    xmlns:xsi="http://www.w3.org/2001/XMLSchema-instance"
    xsi:schemaLocation="http://www.loc.gov/MARC21/slim http://www.loc.gov/standards/marcxml/schema/MARC21slim.xsd"
    xmlns="http://www.loc.gov/MARC21/slim">

  <leader>02760cam a22003975a 4500</leader>
  <controlfield tag="001">12204652</controlfield>
  <controlfield tag="005">20160824123306.0</controlfield>
  <controlfield tag="006">m     o  d        </controlfield>
  <controlfield tag="007">cr unu||||||||</controlfield>
  <controlfield tag="008">140716s2015    maua   fr     001 0 eng d</controlfield>
  <datafield tag="020" ind1=" " ind2=" ">
    <subfield code="a">1305257529</subfield>
  </datafield>
  <datafield tag="020" ind1=" " ind2=" ">
    <subfield code="z">9781305257528</subfield>
  </datafield>
  <datafield tag="035" ind1=" " ind2=" ">
    <subfield code="a">(OCoLC)ocn883801307</subfield>
  </datafield>
  <datafield tag="035" ind1=" " ind2=" ">
    <subfield code="a">12204652</subfield>
  </datafield>
  <datafield tag="037" ind1=" " ind2=" ">
    <subfield code="a">CL0500000457</subfield>
    <subfield code="b">Safari Books Online</subfield>
  </datafield>
  <datafield tag="040" ind1=" " ind2=" ">
    <subfield code="a">UMI</subfield>
    <subfield code="b">eng</subfield>
    <subfield code="c">UMI</subfield>
    <subfield code="d">EG-ScBUE</subfield>
  </datafield>
  <datafield tag="082" ind1="0" ind2="4">
    <subfield code="2">22</subfield>
    <subfield code="a">006.74</subfield>
    <subfield code="b">ECC</subfield>
  </datafield>
  <datafield tag="100" ind1="1" ind2=" ">
    <subfield code="a">Eccher, Clint.</subfield>
    <subfield code="9">40849</subfield>
  </datafield>
  <datafield tag="245" ind1="1" ind2="0">
    <subfield code="a">Professional web design :</subfield>
    <subfield code="b">techniques and templates /</subfield>
    <subfield code="c">Clint Eccher.</subfield>
  </datafield>
  <datafield tag="250" ind1=" " ind2=" ">
    <subfield code="a">5th ed.</subfield>
  </datafield>
  <datafield tag="260" ind1=" " ind2=" ">
    <subfield code="a">Boston, Massachusetts :</subfield>
    <subfield code="b">Cengage Learning PTR,</subfield>
    <subfield code="c">c.2015.</subfield>
  </datafield>
  <datafield tag="300" ind1=" " ind2=" ">
    <subfield code="a">xv, 670 p. :</subfield>
    <subfield code="b">ill. ;</subfield>
    <subfield code="c">24 cm.</subfield>
  </datafield>
  <datafield tag="500" ind1=" " ind2=" ">
    <subfield code="a">Index : p. 659-670.</subfield>
  </datafield>
  <datafield tag="505" ind1=" " ind2=" ">
    <subfield code="a">1. Overview of Web Development Today --  2. Designing for the Past, Present, and Future -- 3. Things to Consider Before Beginning -- 4. Enhancing Usability -- 5. Gathering Requirements and Creating a Comp -- 6. What Is Needed to Build Mortised Sites -- 7. Understanding Graphics -- 8. Creating CSS Designs -- 9. Case Study: Low-Content CSS Design -- 10. Case Study: Medium-Content CSS Design -- 11. Case Study: High-Content CSS Design -- 12. Case Study: Full-Height Three-Column Layout -- 13. Case Study: Background-Based Design -- 14. Case Study: A CSS Form -- 15. Tips and Techniques. 16. Customizing the Designs Included in This Book -- 17. Templates Included Online.</subfield>
  </datafield>
  <datafield tag="520" ind1=" " ind2=" ">
    <subfield code="a">Learning CSS technology and continually improving your design and developer skills are essential elements of your success. This title teaches beginning to intermediate web designers, through case studies and helpful tips and techniques, how to create attractive, fast, and efficient websites.</subfield>
  </datafield>
  <datafield tag="590" ind1=" " ind2=" ">
    <subfield code="a">Access is available to the Yale community.</subfield>
  </datafield>
  <datafield tag="650" ind1=" " ind2="7">
    <subfield code="a">Web sites</subfield>
    <subfield code="x">Design.</subfield>
    <subfield code="2">BUEsh</subfield>
    <subfield code="9">7205</subfield>
  </datafield>
  <datafield tag="650" ind1=" " ind2="7">
    <subfield code="a">Web site development.</subfield>
    <subfield code="2">BUEsh</subfield>
    <subfield code="9">11303</subfield>
  </datafield>
  <datafield tag="650" ind1=" " ind2="7">
    <subfield code="a">Cascading style sheets.</subfield>
    <subfield code="9">29999</subfield>
  </datafield>
  <datafield tag="650" ind1=" " ind2="7">
    <subfield code="a">XHTML (Document markup language).</subfield>
    <subfield code="9">7204</subfield>
  </datafield>
  <datafield tag="651" ind1=" " ind2=" ">
    <subfield code="2">BUEsh</subfield>
  </datafield>
  <datafield tag="653" ind1=" " ind2=" ">
    <subfield code="b">COMSCI</subfield>
    <subfield code="c">August 2016	</subfield>
  </datafield>
  <datafield tag="856" ind1=" " ind2=" ">
    <subfield code="y">Full text available on campus</subfield>
    <subfield code="u">http://eds.a.ebscohost.com/eds/detail/detail?vid=24&amp;sid=c2be19f3-9d17-4951-91d0-5f9e145b3861%40sessionmgr4006&amp;hid=4202&amp;bdata=JnNpdGU9ZWRzLWxpdmU%3d#AN=800559&amp;db=e000xww</subfield>
    <subfield code="a">EBSCOhost eBook Academic Collection </subfield>
    <subfield code="q">E-book</subfield>
  </datafield>
  <datafield tag="856" ind1=" " ind2=" ">
    <subfield code="y">Full text available off campus</subfield>
    <subfield code="u">http://41.33.243.106:2048/login?url=http://search.ebscohost.com/login.aspx?authtype=url,ip,uid&amp;profile=ehost&amp;defaultdb=e000xwwhttp://eds.a.ebscohost.com/eds/detail/detail?vid=24&amp;sid=c2be19f3-9d17-4951-91d0-5f9e145b3861%40sessionmgr4006&amp;hid=4202&amp;bdata=JnNpdGU9ZWRzLWxpdmU%3d#AN=800559&amp;db=e000xww</subfield>
    <subfield code="a">EBSCOhost eBook Academic Collection </subfield>
    <subfield code="q">E-book</subfield>
  </datafield>
  <datafield tag="942" ind1=" " ind2=" ">
    <subfield code="2">ddc</subfield>
    <subfield code="e">22</subfield>
    <subfield code="k">006.74 ECC</subfield>
  </datafield>
  <datafield tag="999" ind1=" " ind2=" ">
    <subfield code="c">22222</subfield>
    <subfield code="d">22194</subfield>
  </datafield>
  <datafield tag="952" ind1=" " ind2=" ">
    <subfield code="0">0</subfield>
    <subfield code="1">0</subfield>
    <subfield code="2">ddc</subfield>
    <subfield code="4">0</subfield>
    <subfield code="7">0</subfield>
    <subfield code="8">Academic</subfield>
    <subfield code="a">MAIN</subfield>
    <subfield code="b">MAIN</subfield>
    <subfield code="c">LOW</subfield>
    <subfield code="d">2016-08-24</subfield>
    <subfield code="e">Purchase</subfield>
    <subfield code="g">531.00</subfield>
    <subfield code="h">9156</subfield>
    <subfield code="l">3</subfield>
    <subfield code="m">1</subfield>
    <subfield code="o">006.74 ECC</subfield>
    <subfield code="p">000033153</subfield>
    <subfield code="r">2025-07-15 00:00:00</subfield>
    <subfield code="s">2024-03-11</subfield>
    <subfield code="v">663.75</subfield>
    <subfield code="y">BB</subfield>
  </datafield>
</record>
